Statistics for Movies that Start with C

Click here to take the quiz!

General Stats

  • This quiz has been taken 50,478 times
    (18,568 since last reset)
  • The average score is 10 of 18

Answer Stats

DescriptionMovie% Correct
Girl with glass footwear has until midnight to win the love of a PrinceCinderella
98%
Evil doll is possessed by the soul of a serial killerChild's Play
82%
Man is stranded on a desert island with only a volleyball for companyCast Away
78%
Tropical bobsledders compete in the OlympicsCool Runnings
72%
Musclebound barbarian must kill an evil wizard to avenge the death of his parentsConan the Barbarian
68%
Telekinetic girl commits mass murder after being humiliated at promCarrie
67%
American cafe owner in Morocco won't reconnect with his true love,
but will help a WWII freedom fighter
Casablanca
66%
On the day of the dead, a young boy travels to the spirit realm and finds out why
his family bans music
Coco
65%
Australian outback resident travels to New York to find true love,
scaring would-be muggers with his giant knife
Crocodile Dundee
65%
Airplane full of dangerous convicts is hijackedCon Air
53%
Evil spirit will murder you with his hook if you look into the mirror and
say his name five times
Candyman
44%
Jersey girl wants to be a singer and works at a New York City bar where
she does raunchy dance moves. Her father does not approve.
Coyote Ugly
38%
Ultraviolent gang member / classical music enthusiast is
given experimental aversion therapy
Clockwork Orange, a
36%
Rich man can have anything he wants except his childhood sledCitizen Kane
35%
Monster destroys New York – as recorded by a person without access to a tripodCloverfield
34%
Wimpy New Yorkers have a mid-life crisis and decide to go on a two week cattle driveCity Slickers
29%
Poor girl from Butcher Hollow, Kentucky grows up to be a famous country singerCoal Miner's Daughter
22%
Egg-eating man fails to communicate or follow rules and is
ultimately ground down by the system
Cool Hand Luke
18%

Score Distribution

Percentile by Number Answered

Percent of People with Each Score

Your Score History

You have not taken this quiz since the last reset